<?xml version="1.0" encoding="UTF-8"?><?xml-stylesheet type="text/xsl" href="static/style.xsl"?><OAI-PMH xmlns="http://www.openarchives.org/OAI/2.0/" xmlns:xsi="http://www.w3.org/2001/XMLSchema-instance" xsi:schemaLocation="http://www.openarchives.org/OAI/2.0/ http://www.openarchives.org/OAI/2.0/OAI-PMH.xsd"><responseDate>2026-05-11T20:52:48Z</responseDate><request verb="GetRecord" identifier="oai:gredos.usal.es:10366/121237" metadataPrefix="marc">https://gredos.usal.es/oai/request</request><GetRecord><record><header><identifier>oai:gredos.usal.es:10366/121237</identifier><datestamp>2025-06-05T12:40:28Z</datestamp><setSpec>com_10366_4595</setSpec><setSpec>com_10366_4576</setSpec><setSpec>com_10366_3823</setSpec><setSpec>com_10366_4756</setSpec><setSpec>com_10366_4746</setSpec><setSpec>col_10366_4603</setSpec><setSpec>col_10366_68519</setSpec></header><metadata><record xmlns="http://www.loc.gov/MARC21/slim" xmlns:doc="http://www.lyncode.com/xoai" xmlns:xsi="http://www.w3.org/2001/XMLSchema-instance" xmlns:dcterms="http://purl.org/dc/terms/" xsi:schemaLocation="http://www.loc.gov/MARC21/slim http://www.loc.gov/standards/marcxml/schema/MARC21slim.xsd">
<leader>00925njm 22002777a 4500</leader>
<datafield tag="042" ind1=" " ind2=" ">
<subfield code="a">dc</subfield>
</datafield>
<datafield tag="720" ind1=" " ind2=" ">
<subfield code="a">Solís Delgadillo, Juan Mario</subfield>
<subfield code="e">author</subfield>
</datafield>
<datafield tag="260" ind1=" " ind2=" ">
<subfield code="c">2012-07</subfield>
</datafield>
<datafield tag="520" ind1=" " ind2=" ">
<subfield code="a">[ES] El objetivo principal de esta investigación es determinar cuáles son las similitudes y las diferencias en torno a la gestión y ejecución de las políticas de la memoria instrumentadas por los gobiernos argentinos y chilenos de la postransición, y analizar sus trayectorias a lo largo del nuevo periodo democrático. Explica qué factores inciden en esas trayectorias y determina cuáles son más decisivos al momento de la toma de decisiones, al tiempo de establecer los estilos y los costos políticos que tienen para los presidentes estas políticas. El argumento central de esta investigación es que a pesar de las particularidades de cada país, los presidentes siguen estimando a la memoria como un problema que merece la atención gubernamental, a través de políticas públicas. En ese proceso, no todos los mandatarios comparten una visión homogénea sobre las herencias recibidas por parte de los regímenes no democráticos anteriores, por lo que sus intervenciones pueden ser polémicas o contradictorias. Con base en ello, las políticas hacia el pasado son muy diversas en cuanto a sus clases, pero también en función a los estilos que adoptan los gobernantes y los costos políticos que están dispuestos a asumir por un tema tan sensible. La hipótesis que guía este trabajo establece que son factores internos ¿como el primer o último año de gobierno, los años electorales, los aniversarios, las coyunturas críticas, la ideología de los presidentes, o el escudo legislativo-, antes que externos, los que de manera individual inciden en la puesta en marcha de políticas públicas hacia el pasado, así como en el estilo de hacer políticas y sus costos políticos</subfield>
</datafield>
<datafield tag="520" ind1=" " ind2=" ">
<subfield code="a">[EN] The main objective of this research is to identify the similarities and differences on the management and implementation of policies of memory implemented by the Argentine and Chilean governments in the post-transition, and analyze their trajectories along the new democratic period . Explain what factors influence these trajectories and determine which are most critical when making decisions, while establishing the styles and political costs have for Presidents policies. The central argument of this research is that despite the particularities of each country, the president continues to believe in the memory as a problem that deserves government attention through public policy. In this process, not all leaders share a homogeneous view on inheritances received by the previous undemocratic regimes, so that their actions may be controversial or contradictory. Based on this, the backward policies are very diverse in their classes, but also according to the styles they adopt rulers and political costs that are willing to take on such a sensitive issue. The hypothesis that guides this work states that are internal factors how the first or last year of government, election years, anniversaries, critical junctures, the ideology of the presidents, or coat-legislative, rather than external, which individually affect the implementation of public policies to the past as well as in the style of policy making and political costs</subfield>
</datafield>
<datafield tag="024" ind2=" " ind1="8">
<subfield code="a">http://hdl.handle.net/10366/121237</subfield>
</datafield>
<datafield tag="024" ind2=" " ind1="8">
<subfield code="a">10.14201/gredos.121237</subfield>
</datafield>
<datafield ind1=" " ind2=" " tag="653">
<subfield code="a">Tesis y disertaciones académicas</subfield>
</datafield>
<datafield ind1=" " ind2=" " tag="653">
<subfield code="a">Universidad de Salamanca (España)</subfield>
</datafield>
<datafield ind1=" " ind2=" " tag="653">
<subfield code="a">Tesis Doctoral</subfield>
</datafield>
<datafield ind1=" " ind2=" " tag="653">
<subfield code="a">Chile</subfield>
</datafield>
<datafield ind1=" " ind2=" " tag="653">
<subfield code="a">Argentina</subfield>
</datafield>
<datafield ind1=" " ind2=" " tag="653">
<subfield code="a">Políticas públicas</subfield>
</datafield>
<datafield ind1=" " ind2=" " tag="653">
<subfield code="a">Poder ejecutivo</subfield>
</datafield>
<datafield ind1=" " ind2=" " tag="653">
<subfield code="a">Historia moderna y contemporánea</subfield>
</datafield>
<datafield ind1=" " ind2=" " tag="653">
<subfield code="a">Memoria colectiva</subfield>
</datafield>
<datafield ind1=" " ind2=" " tag="653">
<subfield code="a">Academic Dissertations</subfield>
</datafield>
<datafield ind1=" " ind2=" " tag="653">
<subfield code="a">Public policies</subfield>
</datafield>
<datafield ind1=" " ind2=" " tag="653">
<subfield code="a">Executive power</subfield>
</datafield>
<datafield ind1=" " ind2=" " tag="653">
<subfield code="a">Collective memory</subfield>
</datafield>
<datafield ind1=" " ind2=" " tag="653">
<subfield code="a">Modern history</subfield>
</datafield>
<datafield tag="245" ind1="0" ind2="0">
<subfield code="a">Memoria democrática y olvido político: la gestión gubernamental de las políticas de memoria en Chile y Argentina</subfield>
</datafield>
</record></metadata></record></GetRecord></OAI-PMH>